| 000 | 01035nam0a22002531 4500 | ||
|---|---|---|---|
| 001 | rc\817168 | ||
| 005 | 20041129091341.4 | ||
| 035 | _a(NLR Aleph) 006000071 | ||
| 090 |
_a7219227 _c7219227 |
||
| 100 | _a20041129d1983 u |0rusy50 ca | ||
| 101 | 0 | _arus | |
| 102 | _aRU | ||
| 105 | _aa ||||||||| | ||
| 200 | 1 |
_aУчет затрат на перевозки в предприятиях речного транспорта _eУчеб. пособие для слушателей ФПК и студентов ин-тов вод. трансп. |
|
| 210 |
_aГорький _cБ. и. _d1983 |
||
| 215 |
_a68 с. _cил. _d20 |
||
| 300 | _aВ надзаг.: М-во реч. флота РСФСР, Горьк. ин-т инженеров вод. трансп., Каф. финансов и учета | ||
| 320 | _aБиблиогр.: с. 66-67 | ||
| 700 | 1 |
_aШмерлина _bС. И. _gСветлана Илларионовна |
|
| 801 | 0 |
_aRU _bNLR _gpsbo |
|
| 801 | 1 |
_aRU _bELAR _2rusmarc |
|
| 852 |
_aNLR _j84-4/7976 |
||
| 942 | _cBOOK | ||
| 980 | _aNB | ||